| 000 | 00685nam a22002052 4500 | ||
|---|---|---|---|
| 001 | 0000011925 | ||
| 005 | 20151217155848.0 | ||
| 008 | 090121s xx 000 0 eng d | ||
| 040 |
_aKABU _cKABU |
||
| 100 | 1 |
_aStanley, Henry M. _@0000148656 |
|
| 245 | 1 | 0 |
_aIn darkest Africa or the Quest rescue and retreat of Emin governor of Equatoria / _cHenry M. Stanley. |
| 250 | _a1st ed. | ||
| 260 |
_aLondon : _bSampson Low, _c1890. |
||
| 300 | _axv, 529 p. | ||
| 600 | 1 | 0 |
_aEmin Pasha, _d1840-1892. _@0000167989 |
| 651 | 0 |
_aAfrica, Central _xDescription and travel. _@0000148674 |
|
| 852 | 1 | _9p500 KES | |
| 908 | _a090121 | ||
| 950 | _@1 | ||
| 999 |
_c13416 _d13416 |
||